000 00694nam a22001697a 4500
999 _c64075
_d64075
003 Ge_BSU
005 20260324124317.0
008 260324s2026 ge ||||| |||| 00| 0 geo d
020 _a9789941996368
041 _ageo
080 _a82-93:37(479.22)(09) ქ-27
245 _aქართული ხალხური ზღაპრები :
_bზღაპრებიდან ეკონომიკურ ცნობიერებამდე.
264 _aთბილისი:
_b"ეკო-ივერია",
_c2026.
300 _a32 გვ.
_bილ.;
_c21 სმ.
653 _aქართული ხალხური ზღაპრები
942 _2udc
_cᲬᲘᲒᲜᲘ